| 000 | 00700nam a2200205Ia 4500 | ||
|---|---|---|---|
| 003 | GCL | ||
| 008 | 140319s9999 xx 000 0 ara d | ||
| 040 |
_aGCL / _cGCL |
||
| 082 | 0 | 4 |
_a331.31 _bن م |
| 100 | 1 | _aنادية الضبع | |
| 245 | 1 | 0 |
_aمشكلات الطفولة العاملة / _cنادية الضبع |
| 260 |
_aالقاهرة : _bالمكتبة المصرية ، _c2004 |
||
| 300 |
_a229 ص ؛ _c24 سم |
||
| 650 | 0 | 4 | _aالاطفال - قوانين وتشريعات |
| 650 | 0 | 4 | _aالاطفال - علم نفس |
| 650 | 0 | 4 | _aالمشاكل الاجتماعية |
| 650 | 0 | 4 | _aالاطفال - تشغيل |
| 650 | 0 | 4 | _aالاطفال - اسلوب معيشة |
| 942 |
_2ddc _cBK |
||
| 999 |
_c6165 _d6165 |
||